| 000 | 01162cam a2200265 i 4500 | ||
|---|---|---|---|
| 001 | 2721686 | ||
| 003 | OSt | ||
| 005 | 20210715152628.0 | ||
| 008 | 770628s1978 nyua b 001 0 eng | ||
| 020 | _a0070281750 | ||
| 040 |
_aDLC _cCO-JMCR |
||
| 041 | 0 | _aeng | |
| 082 | 0 | 4 |
_a658.15 / _bH517i _223 |
| 100 | 1 |
_aHenning, Charles N., _eautor _938501 |
|
| 245 | 1 | 0 |
_aInternational financial management / _cCharles N. Henning, William Pigott, Robert Haney Scott. |
| 260 |
_aNew York : _bMcGraw-Hill, _c1978. |
||
| 300 |
_axv, 576 páginas : _bilustraciones en blanco y negro ; _c25 cm. |
||
| 490 | 0 | _aMcGraw-Hill series in finance | |
| 505 | 0 | _aInternational social accounting and balance of payments adjustment processes. -- The international monetary system. -- International banking, exchange rates, and money markets. -- International long-term investment. -- International managerial finance. -- Financing economic development | |
| 650 | 1 | 4 |
_aInternational finance. _938502 |
| 650 | 2 | 4 |
_aInternational business enterprises _xFinance. _938503 |
| 700 | 1 |
_aPigott, William, _eautor _938504 |
|
| 700 | 1 |
_aScott, Robert Haney, _eautor _938505 |
|
| 942 |
_2ddc _cBK |
||
| 999 |
_c11928 _d11928 |
||